Score 0/15 Timer 01:00
0 Plays Today
Clue 2-Letter Word % Correct
Spike Lee's 1989 Movie ''__ the Right Thing''*DO
98%
Phrase said at the wedding altar 'I __'*DO
97.7%
Mexican holiday: Cinco __ MayoDE
96.1%
Prefix meaning to do again*RE
94%
Female parent, slanglyMA
89%
TV series ''__ You Think You Can Dance''*SO
88.8%
Abbreviation for the smallest US stateRI
87.7%
Letters that precede 5 in the British Secret Service*MI
81.9%
Clue 2-Letter Word % Correct
Abbreviation for the continent where you'll find PeruSA
78.4%
'__ Confidential,' '__ Story' or 'To Live and Die in __'*L.A.
71.3%
Preposition expressing directionTO
45.3%
Chinese French Open Tennis winner NaLI
40%
Hip-hop artist born Clifford Joseph Harris, Jr.*T.I.
35.4%
Unit of current that's a quadrillionth of the base SI unit*FA
24.4%
Italian Nobel Prize winning writer DarioFO
22.3%

Today's Daily Dose

Remove Ads.
Support Sporcle.
Get the best of Sporcle when you Go Orange. This ad-free experience offers more features, more stats, and more fun while also helping to support Sporcle. Thank you for becoming a member.

You're not logged in!

Compare scores with friends on all Sporcle quizzes.
OR
Log In

Show Comments

Extras

Top Quizzes Today


Score Distribution

Your Account Isn't Verified!

In order to create a playlist on Sporcle, you need to verify the email address you used during registration. Go to your Sporcle Settings to finish the process.

Report this User

Report this user for behavior that violates our Community Guidelines.

Details: